000
00280nam a2200121Ia 4500
100
_a
Prasad/ P./ Ravindran/ R.
942
_c
BK
654
_a
partial
245
_a
Partial differential equations
260
_b
Wiley eastern
_a
New Dellhi
_c
1991
300
_a
252
546
_a
ENGLISH
999
_c
19456
_d
19456